000 00197 a2200097 4500
001 16022
100 _aF.I.E
245 _aMiddle east annual review
260 _a
_bF.I.E
_c
090 _c12404
_d12404
942 _aNUST-CAE
_cM
_c2675
999 _c251095
_d251095